Plantings around the home,

Saved in:
Bibliographic Details
Main Author: Martel, Donald J.
Other Authors: Solberg, I. B., Fredeen, George N.
Format: Book
Language:English
Published: Pacific Northwest Cooperative Extension. 1957.
Series:Pacific Northwest Cooperative Bulletin ; 16.
Subjects:
Tags: Add Tag
No Tags, Be the first to tag this record!
LEADER 00793nam a2200241K 4500
001 000000663-7
005 20020606090541.3
008 930720s1957 xx 000 0 eng d
035 0 |a ocm84571796 
040 |a FLL  |c FLL 
100 1 |a Martel, Donald J. 
245 1 0 |a Plantings around the home,  |c by Donald J. Martel and I.B. Solberg. Sketches by George Norman Fredeen. 
260 |b Pacific Northwest Cooperative Extension.  |c 1957. 
300 |a 7 p.  |b plans, sketches. 
490 1 |a Pacific Northwest Cooperative Bulletin ;  |v 16 
650 0 |a Plants, Ornamental. 
650 0 |a Landscape gardening. 
690 9 |a Buildings, Planting about.  |5 des 
700 1 |a Solberg, I. B. 
700 1 |a Fredeen, George N. 
830 0 |a Pacific Northwest Cooperative Bulletin ;  |v 16. 
988 |a 20020608 
906 |0 MH